[Event "London ENG"]
[Site "?"]
[Date "1995.??.??"]
[Round "3.2"]
[White "Adams Michael"]
[Black "Miles Anthony J"]
[Result "1/2-1/2"]
[WhiteElo "2655"]
[BlackElo "2615"]
[PlyCount "113"]
[EventDate "1995.??.??"]
[Source "www.chesslib.no"]
[SourceDate "2004.05.04"]

1. e4 Nc6 2. Nf3 d6 3. d4 Nf6 4. Nc3 Bg4 5. Be2 e6 6. Be3 Be7 7. O-O O-O 8. Nd2 Bxe2 9. Qxe2 d5 10. e5 Nd7 11. f4 f5 12. exf6 Bxf6 13. Nf3 Qe7 14. Qd2 Rae8 15. Rae1 Qb4 16. b3 Nb6 17. Re2 Nc8 18. Qd3 Nd6 19. Nb1 a6 20. c3 Qb5 21. Qc2 Ne7 22. a4 Qc6 23. Nbd2 Ndf5 24. Qd3 Qd6 25. Bf2 Qxf4 26. Rxe6 Ng6 27. Rxe8 Rxe8 28. Re1 Rxe1+ 29. Nxe1 c6 30. Qe2 Kf7 31. Nd3 Qc7 32. Qh5 Nh6 33. Be3 Qe7 34. Bxh6 gxh6 35. Kf2 Kg7 36. Qe2 Qd7 37. Nf3 Qf5 38. g3 Be7 39. Nde5 Bd6 40. Qd3 Qe6 41. Nxg6 hxg6 42. c4 Kf6 43. Nd2 Qf5+ 44. Qxf5+ Kxf5 45. cxd5 cxd5 46. Kf3 Ba3 47. Nf1 Bc1 48. h3 h5 49. g4+ Kg5 50. Ng3 hxg4+ 51. hxg4 Kh4 52. Ne2 Bd2 53. Ng3 Kh3 54. Ne2 a5 55. Ng3 Be1 56. Nf1 Bc3 57. Ne3 1/2-1/2

[Event "Dortmund"]
[Site "?"]
[Date "1995.??.??"]
[Round "?"]
[White "Short, N."]
[Black "Leko, P."]
[Result "1/2-1/2"]
[WhiteElo "2645"]
[BlackElo "2605"]
[PlyCount "90"]
[EventDate "1995.??.??"]
[Source "ChessBase"]
[SourceDate "1995.06.01"]

1. e4 Nc6 2. Nf3 d6 3. d4 Nf6 4. Nc3 Bg4 5. Be3 e6 6. h3 Bh5 7. a3 Be7 8. Bd3 e5 9. g4 Bg6 10. dxe5 dxe5 11. Qd2 h6 12. O-O-O a6 13. Qe1 Nd7 14. Bc4 Bd6 15. Rg1 Qe7 16. Nd5 Qf8 17. Nd2 O-O-O 18. f3 Nc5 19. Rf1 f6 20. b4 Nd7 21. c3 Bf7 22. Qe2 Ncb8 23. Bf2 h5 24. Nb3 hxg4 25. hxg4 b5 26. Bd3 c6 27. Na5 Qe8 28. Nb6+ Nxb6 29. Bxb6 Rd7 30. Bc2 Bc7 31. Qf2 Bxb6 32. Qxb6 Qd8 33. Qxb8+ Kxb8 34. Nxc6+ Kc7 35. Nxd8 Rdxd8 36. Rxd8 Kxd8 37. Rf2 Rh1+ 38. Kb2 Kc7 39. a4 Bc4 40. axb5 axb5 41. Bb3 Rf1 42. Rxf1 Bxf1 43. Kc1 g5 44. Kd2 Kb6 45. Ba2 Kc6 1/2-1/2

[Event "Bundesliga 8384"]
[Site "Germany"]
[Date "1984.??.??"]
[Round "?"]
[White "Huebner, Robert"]
[Black "Hort, Vlastimil"]
[Result "1/2-1/2"]
[WhiteElo "2620"]
[BlackElo "2615"]
[PlyCount "102"]
[EventDate "1983.10.??"]
[Source "ChessBase"]
[SourceDate "1999.07.01"]

1. e4 Nc6 2. d4 e5 3. dxe5 Nxe5 4. f4 Nc6 5. Be3 Bb4+ 6. c3 Ba5 7. Nf3 Nf6 8. e5 Ng4 9. Bc5 d6 10. exd6 O-O 11. Be2 Re8 12. h3 cxd6 13. hxg4 dxc5 14. Qxd8 Rxd8 15. Nfd2 Ne7 16. Na3 Nd5 17. g3 Bc7 18. Bf3 Ne3 19. g5 Bf5 20. Ndc4 Nxc4 21. Nxc4 Bd3 22. b3 Rab8 23. Kf2 b5 24. Ne3 c4 25. Nd5 Bb6+ 26. Kg2 Kf8 27. Rhe1 Re8 28. b4 Bf5 29. Rxe8+ Rxe8 30. a4 bxa4 31. Rxa4 h6 32. gxh6 gxh6 33. Nxb6 axb6 34. Kf2 Rd8 35. Ra8 Rxa8 36. Bxa8 Ke7 37. Ke3 Kd6 38. Kd4 b5 39. Bd5 f6 40. Bf7 Bd7 41. Ke4 Ke7 42. Bg6 Bc6+ 43. Kd4 Kd6 44. Bh5 f5 45. Bg6 Bd7 46. Bf7 Bc8 47. Be8 Ba6 48. Ke3 Ke7 49. Bg6 Bc8 50. Kd4 Kd6 51. Be8 Ba6 1/2-1/2

[Event "Oslo"]
[Site "Oslo"]
[Date "1984.??.??"]
[Round "?"]
[White "Huebner, Robert"]
[Black "Hort, Vlastimil"]
[Result "1/2-1/2"]
[WhiteElo "2620"]
[BlackElo "2615"]
[PlyCount "37"]
[EventDate "1984.04.??"]
[Source "ChessBase"]

1. e4 Nc6 2. d4 e5 3. dxe5 Nxe5 4. Nf3 Nxf3+ 5. Qxf3 Qf6 6. Qg3 Bb4+ 7. c3 Bd6 8. f4 Qg6 9. Bd3 Qxg3+ 10. hxg3 Bc5 11. Nd2 d6 12. Nc4 a6 13. a4 Nf6 14. Be3 Bxe3 15. Nxe3 Bd7 16. Nd5 Nxd5 17. exd5 a5 18. Kf2 Ke7 19. Rae1+ 1/2-1/2

[Event "Hastings"]
[Site "?"]
[Date "1989.??.??"]
[Round "?"]
[White "Dolmatov, S."]
[Black "Gulko, B."]
[Result "1-0"]
[WhiteElo "2615"]
[BlackElo "2610"]
[PlyCount "125"]
[EventDate "1989.??.??"]
[Source "ChessBase"]
[SourceDate "1990.01.01"]

1. e4 Nc6 2. d4 e5 3. dxe5 Nxe5 4. Nc3 Bc5 5. Bf4 Ng6 6. Bg3 d6 7. h4 h5 8. Qd2 Nf6 9. O-O-O Qe7 10. Nd5 Nxd5 11. exd5 O-O 12. Be2 Bg4 13. Bxg4 hxg4 14. h5 Ne5 15. Bh4 Qd7 16. h6 Qf5 17. hxg7 Kxg7 18. Ne2 Rh8 19. Ng3 Qg6 20. Qf4 f6 21. Ne4 Raf8 22. Nxc5 dxc5 23. Bg3 Rxh1 24. Rxh1 Rd8 25. Qa4 Rxd5 26. Qxa7 Qg5+ 27. Kb1 Qd2 28. a3 Qe2 29. Qxb7 Rd1+ 30. Rxd1 Qxd1+ 31. Ka2 Nc4 32. Bxc7 Qxc2 33. Be5+ Kg6 34. Bc3 Nd6 35. Qd7 Ne4 36. Qxg4+ Kf7 37. Qf3 Nxc3+ 38. Qxc3 Qxf2 39. Qc4+ Ke7 40. g4 Kd6 41. a4 Qd2 42. Qa6+ Ke5 43. Qb5 Qd5+ 44. Qb3 Qd4 45. a5 Qxg4 46. a6 Qe4 47. a7 Kf5 48. Qb5 Qd5+ 49. Ka3 Kg5 50. b4 f5 51. Qxc5 Qd3+ 52. Ka4 Qa6+ 53. Qa5 Qc6+ 54. Qb5 Qf6 55. Ka5 Qd8+ 56. Qb6 Qd5+ 57. Qc5 Qa2+ 58. Kb6 Qe6+ 59. Qc6 Qe3+ 60. Kb7 Qe7+ 61. Ka6 Qe2+ 62. b5 Qa2+ 63. Kb6 1-0

[Event "Groningen"]
[Site "?"]
[Date "1994.??.??"]
[Round "?"]
[White "Almasi, Z."]
[Black "Miles, A."]
[Result "0-1"]
[WhiteElo "2620"]
[BlackElo "2600"]
[PlyCount "60"]
[EventDate "1994.??.??"]
[Source "ChessBase"]
[SourceDate "1994.10.01"]

1. e4 Nc6 2. Nf3 d6 3. d4 Nf6 4. Nc3 Bg4 5. Be2 e6 6. h3 Bh5 7. d5 exd5 8. exd5 Bxf3 9. Bxf3 Ne5 10. Be2 Be7 11. O-O O-O 12. a4 a6 13. Be3 Nfd7 14. a5 Ng6 15. Ra4 Nc5 16. Ra3 Bg5 17. Bxc5 dxc5 18. Ne4 Be7 19. Rc3 Re8 20. Bf3 Bd6 21. Nxc5 Qh4 22. Nxb7 Be5 23. Rb3 Nf4 24. g3 Qxh3 25. d6 Re6 26. dxc7 Bxc7 27. Qd7 Rae8 28. Re3 Rxe3 29. Qxh3 Nxh3+ 30. Kg2 Rxf3 0-1

[Event "Wijk aan Zee II"]
[Site "?"]
[Date "1996.??.??"]
[Round "?"]
[White "Onischuk, Al"]
[Black "Miles, A."]
[Result "1-0"]
[WhiteElo "2580"]
[BlackElo "2635"]
[PlyCount "50"]
[EventDate "1996.??.??"]
[Source "ChessBase"]
[SourceDate "1995.10.01"]

1. e4 Nc6 2. Nf3 d6 3. d4 Nf6 4. Nc3 Bg4 5. Be3 a6 6. h3 Bh5 7. d5 Bxf3 8. gxf3 Nb8 9. f4 c6 10. Bg2 Qc7 11. Qd4 cxd5 12. Nxd5 Nxd5 13. exd5 Nd7 14. c4 Nf6 15. Rc1 g6 16. c5 dxc5 17. Rxc5 Qd6 18. Qa4+ Nd7 19. Rc6 Qb8 20. Rb6 Qc8 21. O-O Rb8 22. Rc1 Qd8 23. d6 Bg7 24. Rxb7 Rxb7 25. Bxb7 O-O 1-0

[Event "Zonal"]
[Site "?"]
[Date "1995.??.??"]
[Round "7"]
[White "Illescas Cordoba Miguel"]
[Black "Miles Anthony J"]
[Result "1-0"]
[WhiteElo "2595"]
[BlackElo "2615"]
[PlyCount "65"]
[EventDate "1995.??.??"]
[Source "www.chesslib.no"]
[SourceDate "2004.05.04"]

1. e4 Nc6 2. Nf3 d6 3. d4 Nf6 4. Nc3 Bg4 5. Be3 e6 6. h3 Bh5 7. d5 Ne7 8. Bb5+ c6 9. dxc6 bxc6 10. Ba4 Qc7 11. Qe2 Nd7 12. g4 Bg6 13. O-O-O e5 14. Qc4 Rc8 15. Nh4 Nb6 16. Bxb6 axb6 17. Rd3 d5 18. exd5 Bxd3 19. Qxd3 Rd8 20. Rd1 g6 21. d6 Bh6+ 22. Kb1 Qb8 23. Ne4 b5 24. Nf6+ Kf8 25. dxe7+ Kxe7 26. Nd7 bxa4 27. Nf5+ gxf5 28. Qa3+ Ke6 29. gxf5+ Kxf5 30. Qf3+ Kg6 31. Rg1+ Bg5 32. Qf6+ Kh5 33. Qxg5# 1-0

[Event "Campionato armeno"]
[Site "?"]
[Date "2005.05.01"]
[Round "3"]
[White "Asrian Karen"]
[Black "Minasian Artashes"]
[Result "1-0"]
[WhiteElo "2611"]
[BlackElo "2597"]
[PlyCount "117"]
[EventDate "2005.??.??"]
[Source "www.chesslib.no"]
[SourceDate "2004.05.04"]

1. e4 Nc6 2. Nf3 d6 3. d4 Nf6 4. Nc3 g6 5. Be3 Bg7 6. Qd2 Ng4 7. Bg5 h6 8. Bh4 Nf6 9. O-O-O Bg4 10. d5 Nb8 11. h3 Bxf3 12. gxf3 c6 13. f4 Qb6 14. e5 Nxd5 15. Nxd5 cxd5 16. Qxd5 Nc6 17. Rg1 O-O-O 18. Qxf7 dxe5 19. Bc4 exf4 20. Qxg7 g5 21. Bd5 Nb4 22. Bb3 Nc6 23. Rxd8+ Rxd8 24. Qxh6 Qd4 25. c3 Qd2+ 26. Kb1 gxh4 27. Qxh4 Qd6 28. Qg4+ Kc7 29. Rd1 Qe5 30. Bc2 Rxd1+ 31. Qxd1 Qg5 32. Be4 Qh4 33. Qf1 e5 34. Qg2 Kb6 35. a3 a6 36. Ka2 Qe7 37. Qg4 Nd8 38. Bd5 Kc7 39. f3 Kd6 40. Bb3 Nc6 41. Qg6+ Kc7 42. Ba4 Qd7 43. Qe4 Qe7 44. Qf5 Kd6 45. Bb3 Kc7 46. Qg4 Kb6 47. Bd5 Kc5 48. Be4 Qf7+ 49. Kb1 Na5 50. b4+ Kb5 51. bxa5 Qb3+ 52. Kc1 Qxc3+ 53. Kd1 Kxa5 54. h4 Qxa3 55. Qg5 Qa1+ 56. Ke2 Qb2+ 57. Kf1 b5 58. h5 Qc1+ 59. Kg2 1-0

[Event "FIDE GP"]
[Site "Moscow"]
[Date "2002.06.01"]
[Round "1.2"]
[White "Ponomariov, Ruslan"]
[Black "Vlassov, Nikolai"]
[Result "1/2-1/2"]
[WhiteElo "2743"]
[BlackElo "2462"]
[PlyCount "68"]
[EventDate "2002.06.01"]
[Source "ChessBase"]
[SourceDate "2002.09.20"]

1. e4 Nc6 2. d4 d5 3. Nc3 e5 4. dxe5 d4 5. Nd5 f5 6. exf6 Nxf6 7. Bg5 Be6 8. Bxf6 gxf6 9. Bc4 Bb4+ 10. Nxb4 Bxc4 11. Nxc6 bxc6 12. Qh5+ Bf7 13. Qc5 Qd6 14. Qxd6 cxd6 15. Ne2 c5 16. f3 Ke7 17. Nf4 Rhb8 18. b3 a5 19. Kd2 a4 20. Nd5+ Bxd5 21. exd5 Rg8 22. Rae1+ Kf7 23. g4 Rg5 24. Re6 Rxd5 25. Rhe1 axb3 26. axb3 d3 27. cxd3 Ra2+ 28. Kc3 Rxh2 29. Re7+ Kg6 30. Rd7 Rf2 31. Ree7 Kg5 32. Rxh7 Kf4 33. Rhf7 Kg5 34. Rh7 Kf4 1/2-1/2

[Event "Tilburg"]
[Site "Tilburg"]
[Date "1981.??.??"]
[Round "?"]
[White "Timman, Jan H"]
[Black "Miles, Anthony J"]
[Result "1-0"]
[WhiteElo "2630"]
[BlackElo "2565"]
[PlyCount "115"]
[EventDate "1981.10.??"]
[Source "ChessBase"]

1. e4 Nc6 2. Nf3 d6 3. d4 Nf6 4. Nc3 Bg4 5. d5 Ne5 6. Bb5+ c6 7. dxc6 Nxc6 8. e5 dxe5 9. Qxd8+ Rxd8 10. Bxc6+ bxc6 11. Nxe5 Bd7 12. Be3 Nd5 13. Bxa7 Nxc3 14. bxc3 Be6 15. a4 f6 16. Nxc6 Ra8 17. Nd4 Bc4 18. Bb6 e5 19. Nf5 Kd7 20. a5 Kc6 21. Ne3 Ba6 22. Kd2 g6 23. c4 Bb4+ 24. c3 Bd6 25. Kc2 f5 26. Kb3 Rhc8 27. Rhd1 Rab8 28. Rd2 f4 29. Nc2 Kd7 30. c5 Rxc5 31. Nb4 Bc4+ 32. Kc2 Rb5 33. Rad1 R8xb6 34. axb6 Rxb6 35. Re1 Rb5 36. Ra1 Rb7 37. Ra8 Ke6 38. Nc6 Bb3+ 39. Kc1 Rb6 40. Rb2 Bc5 41. Nb4 Bc4 42. Rc8 Rb5 43. Na6 Ba3 44. Nc7+ Kd6 45. Nxb5+ Bxb5 46. Kc2 Ba4+ 47. Kb1 Bxb2 48. Kxb2 e4 49. c4 e3 50. fxe3 fxe3 51. Kc3 Bc6 52. g3 Bf3 53. Re8 e2 54. Kd3 Kc5 55. Re5+ Kb4 56. Rb5+ Ka4 57. Kd2 g5 58. Rxg5 1-0

[Event "Linares N. L."]
[Site "?"]
[Date "1994.??.??"]
[Round "?"]
[White "Illescas Cordoba, M."]
[Black "Miles, A."]
[Result "1-0"]
[WhiteElo "2590"]
[BlackElo "2600"]
[PlyCount "101"]
[EventDate "1994.??.??"]
[Source "ChessBase"]
[SourceDate "1994.06.01"]

1. e4 Nc6 2. Nf3 d6 3. d4 Nf6 4. Nc3 Bg4 5. d5 Nb8 6. Be2 Bxf3 7. Bxf3 g6 8. O-O Bg7 9. a4 a5 10. Be3 O-O 11. Re1 Nbd7 12. Bd4 c6 13. Ra3 Qc7 14. Qe2 Rfb8 15. g3 Ne8 16. Bxg7 Kxg7 17. Bg2 Qb6 18. Rb3 Qa7 19. Nd1 Nef6 20. Rc3 Rc8 21. Qe3 Qxe3 22. Nxe3 Nc5 23. dxc6 bxc6 24. Nc4 Ra7 25. b3 Nfd7 26. f4 Rb8 27. Bf3 Rb4 28. Kg2 Kf8 29. Rd1 Ra6 30. Kf2 Kg7 31. Ke3 f5 32. exf5 gxf5 33. Kf2 Ne4+ 34. Bxe4 fxe4 35. Nxd6 exd6 36. Rxd6 Nf6 37. Rc5 h6 38. h3 Rb7 39. Ke3 Re7 40. g4 Kf7 41. g5 hxg5 42. fxg5 Ne8 43. Rh6 Ng7 44. Rf6+ Ke8 45. h4 Kd7 46. g6 Ra8 47. h5 Ne6 48. Re5 Rh8 49. Rexe6 Rxe6 50. g7 Rxh5 51. Rf7+ 1-0

[Event "Mind Sports Games - Blitz Team"]
[Site "Pechino CINA"]
[Date "2008.10.13"]
[Round "2"]
[White "Ni Hua"]
[Black "Kristjansson, St"]
[Result "1-0"]
[WhiteElo "2710"]
[BlackElo "2474"]
[PlyCount "37"]
[EventDate "2008.10.13"]
[Source "www.chesslib.no"]
[SourceDate "2004.05.04"]

1. e4 Nc6 2. Nf3 Nf6 3. e5 Ng4 4. d4 d6 5. h3 Nh6 6. Bb5 a6 7. Bxa6 bxa6 8. O-O Nf5 9. Nc3 e6 10. Bg5 Qd7 11. Nh4 h6 12. Nxf5 hxg5 13. Ne3 Rb8 14. Nc4 Be7 15. Re1 d5 16. Nd2 Bc5 17. Qg4 Be7 18. Nf3 Rxb2 19. Nxg5 1-0

[Event "USA-ch playoff"]
[Site "Seattle"]
[Date "2000.10.07"]
[Round "2"]
[White "Shabalov, Alexander"]
[Black "Benjamin, Joel"]
[Result "0-1"]
[WhiteElo "2601"]
[BlackElo "2577"]
[PlyCount "54"]
[EventDate "2000.10.07"]
[Source "ChessBase"]
[SourceDate "2001.01.25"]

1. e4 Nc6 2. d4 e5 3. dxe5 Nxe5 4. Bf4 Ng6 5. Bg3 Nf6 6. Bd3 d5 7. e5 Ne4 8. Bxe4 dxe4 9. Qxd8+ Kxd8 10. Nc3 Bf5 11. O-O-O+ Kc8 12. Nge2 h5 13. h4 Bc5 14. Nd4 Bg4 15. Rd2 Re8 16. e6 Bxe6 17. Nxe6 Rxe6 18. Rhd1 b6 19. Nb5 Re7 20. Nxc7 Rxc7 21. Rd8+ Kb7 22. Bxc7 Rxd8 23. Bxd8 Bxf2 24. Rd7+ Kc8 25. Rxf7 e3 26. Bg5 e2 27. Bd2 Be3 0-1

[Event "Chicago Open"]
[Site "Chicago, IL USA"]
[Date "1994.??.??"]
[Round "9"]
[White "De Firmian, Nick E"]
[Black "Miles, Anthony J"]
[Result "0-1"]
[WhiteElo "2580"]
[BlackElo "2590"]
[PlyCount "147"]
[EventDate "1994.??.??"]
[Source "www.chesslib.no"]
[SourceDate "2004.05.04"]

1. e4 Nc6 2. Nf3 d6 3. d4 Nf6 4. Nc3 Bg4 5. Bb5 a6 6. Bxc6+ bxc6 7. h3 Bh5 8. Qe2 e6 9. g4 Bg6 10. Nh4 Be7 11. Nxg6 hxg6 12. Bf4 Qb8 13. O-O-O Qb4 14. a3 Qb6 15. Rd3 Rb8 16. Nd1 Qb5 17. f3 O-O 18. h4 Rb7 19. Qh2 Rfb8 20. h5 g5 21. Rb3 Qc4 22. Rxb7 Rxb7 23. h6 Bf8 24. Bxg5 Qxd4 25. Be3 Qe5 26. Bf4 Qb5 27. e5 Ne8 28. hxg7 Bxg7 29. Qh7+ Kf8 30. Rh5 dxe5 31. Bh6 Bxh6+ 32. Qxh6+ Ke7 33. Qg5+ Kd7 34. Qxe5 Qf1 35. Qf4 Nd6 36. Rh2 Rb5 37. Rf2 Qe1 38. Qe3 Qh1 39. Rd2 Rd5 40. b3 Qh8 41. Qc3 Qh1 42. a4 Qg1 43. Qe3 Qh1 44. c4 Rxd2 45. Kxd2 c5 46. Nf2 Qa1 47. Nd3 Qa2+ 48. Ke1 Nb7 49. Nf2 Qa1+ 50. Ke2 Qd4 51. Ne4 Qe5 52. f4 Qh8 53. g5 Kc6 54. Kd1 Qa1+ 55. Kc2 Qa2+ 56. Kc3 Kb6 57. Qf2 Qa1+ 58. Kc2 Qa3 59. Qe3 Na5 60. Nd2 Qa2+ 61. Kd1 Qa1+ 62. Ke2 Nc6 63. Kf2 Nd4 64. Kg2 Qb2 65. Kh3 Qc1 66. b4 Qh1+ 67. Kg4 Qg2+ 68. Kh5 Nf5 69. bxc5+ Ka7 70. Qd3 Qg1 71. Qh3 Qd4 72. Nf3 Qxf4 73. Qg4 Qc1 74. g6 0-1

[Event "London m exib"]
[Site "London ENG"]
[Date "1983.??.??"]
[Round "9"]
[White "Hort, Vlastimil"]
[Black "Miles, Anthony J"]
[Result "1-0"]
[WhiteElo "2585"]
[BlackElo "2585"]
[PlyCount "65"]
[EventDate "1983.11.??"]
[Source "www.chesslib.no"]
[SourceDate "2004.05.04"]

1. e4 Nc6 2. d4 e5 3. d5 Nce7 4. Nf3 Nf6 5. Nxe5 Nxe4 6. Qf3 Nd6 7. Nc3 Ng6 8. Nxg6 hxg6 9. Bd3 Qf6 10. Bf4 Be7 11. Qe3 O-O 12. O-O-O b6 13. Rhe1 Bd8 14. h4 Nf5 15. Bxf5 Qxf5 16. d6 c6 17. Qg3 Bf6 18. Ne4 Ba6 19. Nxf6+ gxf6 20. b3 c5 21. Re7 Bb7 22. c4 b5 23. Bh6 Rfc8 24. Qe3 bxc4 25. Rxf7 Qe5 26. Rg7+ Kh8 27. Qxe5 fxe5 28. Rxd7 Bc6 29. Rc7 cxb3 30. axb3 Rxc7 31. dxc7 Rg8 32. Rd8 Bb7 33. Bf8 1-0

[Event "Malmo"]
[Site "Malmo"]
[Date "1996.??.??"]
[Round "5"]
[White "Hector, Jonny"]
[Black "Miles, Anthony J"]
[Result "0-1"]
[WhiteElo "2520"]
[BlackElo "2635"]
[PlyCount "78"]
[EventDate "1996.06.??"]
[Source "ChessBase"]

1. e4 Nc6 2. Nc3 e6 3. d4 Bb4 4. Bb5 Qh4 5. Nge2 Qxe4 6. O-O Bxc3 7. bxc3 Nge7 8. Nf4 Qf5 9. a4 e5 10. Nh5 O-O 11. Ng3 Qe6 12. dxe5 Qxe5 13. Re1 Qd5 14. Bd3 d6 15. c4 Qd4 16. Bg5 Ng6 17. Rb1 Nce5 18. Re4 Qc5 19. Rb5 Qc6 20. Be2 f5 21. Rd4 f4 22. Nh5 f3 23. Bd3 Bf5 24. Bf1 Bg4 25. Rxg4 Nxg4 26. gxf3 N4e5 27. Bg2 Nxf3+ 28. Kh1 Qxc4 29. Be3 Nge5 30. h3 Qxa4 31. Rxe5 Nxe5 32. f4 Nc6 33. Kh2 Rae8 34. Qg4 Qa1 35. Bd2 Ne7 36. Qg3 Nf5 37. Qb3+ Kh8 38. c4 Re2 39. Qd3 Qd1 0-1

[Event "Chicago"]
[Site "?"]
[Date "1990.??.??"]
[Round "?"]
[White "Rohde, M."]
[Black "Miles, A."]
[Result "0-1"]
[WhiteElo "2555"]
[BlackElo "2580"]
[PlyCount "60"]
[EventDate "1990.??.??"]
[Source "ChessBase"]
[SourceDate "1990.01.01"]

1. e4 Nc6 2. Nf3 d6 3. d4 Nf6 4. d5 Nb8 5. Nc3 g6 6. Bg5 Bg4 7. Qd2 Bxf3 8. gxf3 Nbd7 9. O-O-O c6 10. Kb1 Bg7 11. Bh6 Bxh6 12. Qxh6 Qb6 13. Bh3 Ne5 14. Rhg1 Qxf2 15. f4 Nc4 16. e5 Nh5 17. exd6 Qxf4 18. d7+ Kd8 19. Rg5 Nxb2 20. Kxb2 Qb4+ 21. Kc1 Qxc3 22. Rd3 Qe1+ 23. Kb2 Qb4+ 24. Rb3 Qd4+ 25. Kb1 f5 26. Rxb7 Qd1+ 27. Kb2 Qxd5 28. Rxh5 c5 29. Qg7 Qxb7+ 30. Kc1 Qh1+ 0-1

[Event "USA-ARM"]
[Site "Glendale"]
[Date "1994.??.??"]
[Round "4"]
[White "Wolff, Patrick G"]
[Black "Minasian, Artashes"]
[Result "1-0"]
[WhiteElo "2590"]
[BlackElo "2545"]
[PlyCount "125"]
[EventDate "1994.05.??"]
[Source "ChessBase"]

1. e4 Nc6 2. Nf3 d6 3. d4 Nf6 4. Nc3 Bg4 5. Be2 e6 6. h3 Bh5 7. d5 exd5 8. exd5 Bxf3 9. Bxf3 Ne5 10. Be2 Be7 11. O-O O-O 12. Be3 Re8 13. Qd2 a6 14. a4 Bf8 15. a5 g6 16. Ra4 Bg7 17. Rb4 Qc8 18. Rd1 Rb8 19. b3 Ned7 20. Rc4 Ne5 21. Ra4 Ned7 22. b4 Ra8 23. Ra3 Qd8 24. Rb3 Qe7 25. Bf1 Ne5 26. Rbb1 Rec8 27. Re1 Qf8 28. Bd4 Ned7 29. g3 Nh5 30. Bxg7 Nxg7 31. Bg2 b6 32. Ne2 bxa5 33. bxa5 Nc5 34. Nd4 Re8 35. Nb3 Nf5 36. Qc3 Rab8 37. Bf1 Rxe1 38. Rxe1 Ra8 39. Qc4 h5 40. h4 Nh6 41. Bg2 Re8 42. Rxe8 Qxe8 43. Nxc5 dxc5 44. Bf1 Qe1 45. Qxc5 Ng4 46. c3 g5 47. d6 cxd6 48. Qxg5+ Kf8 49. Qd8+ Kg7 50. Qg5+ Kf8 51. Qf4 Ke7 52. Qd4 Qa1 53. Qa7+ Kf6 54. Qxa6 Qxc3 55. Qxd6+ Kg7 56. a6 Qa1 57. Qf4 f6 58. Qc7+ Kh6 59. a7 Qa2 60. Qc5 Qa1 61. Kg2 Kg7 62. Qe7+ Kh6 63. Bc4 1-0

[Event "Andorra Open"]
[Site "Andorra"]
[Date "1995.??.??"]
[Round "4"]
[White "Groszpeter, Attila"]
[Black "Miles, Anthony J"]
[Result "1-0"]
[WhiteElo "2520"]
[BlackElo "2615"]
[PlyCount "73"]
[EventDate "1995.06.??"]
[Source "www.chesslib.no"]
[SourceDate "2004.05.04"]

1. e4 Nc6 2. Nf3 d6 3. d4 Nf6 4. Nc3 Bg4 5. Bb5 a6 6. Bxc6+ bxc6 7. h3 Bh5 8. Qe2 e6 9. g4 Bg6 10. Bg5 Be7 11. O-O-O Nxe4 12. Nxe4 Bxe4 13. Bxe7 Bxf3 14. Qxf3 Kxe7 15. Qxc6 Qd7 16. Qc3 Rhb8 17. d5 Kf8 18. dxe6 fxe6 19. Rhe1 Kg8 20. f4 Re8 21. Re4 Re7 22. b3 Rae8 23. Kb2 Qb5 24. Rde1 Qd5 25. Ra4 Ra8 26. Rd4 Qc6 27. Rc4 Qb7 28. Rxe6 Rf7 29. Rce4 Raf8 30. f5 c5 31. Re8 h5 32. R4e6 Qg2 33. Rxf8+ Kxf8 34. Qe3 Qc6 35. Qg5 Rc7 36. Qd8+ Kf7 37. g5 1-0

[Event "Capablanca mem"]
[Site "Matanzas"]
[Date "1995.??.??"]
[Round "4"]
[White "Garcia, Gildardo"]
[Black "Miles, Anthony J"]
[Result "0-1"]
[WhiteElo "2520"]
[BlackElo "2615"]
[PlyCount "82"]
[EventDate "1995.05.??"]
[Source "ChessBase"]

1. e4 Nc6 2. d4 e5 3. dxe5 Nxe5 4. Nf3 Bb4+ 5. Nbd2 Nxf3+ 6. Qxf3 Ne7 7. a3 Ba5 8. b4 Bb6 9. Bb2 O-O 10. Bc4 Nc6 11. Nb3 Qh4 12. g3 Qh6 13. Rd1 d6 14. Rd5 Be6 15. Rh5 Qg6 16. Be2 f5 17. exf5 Bxf5 18. O-O Rae8 19. Bd1 Be4 20. Qc3 Ne5 21. Nd4 Bxd4 22. Qxd4 Bf3 23. Rxe5 dxe5 24. Qc3 Bxd1 25. Rxd1 Qf7 26. Qe3 Qf3 27. Re1 Qxe3 28. Rxe3 e4 29. Rc3 Rf7 30. Bc1 a6 31. Be3 Re6 32. Kf1 Rd7 33. Ke2 Kf7 34. Rc4 Rc6 35. Rxc6 bxc6 36. c3 Ke6 37. Bd4 Kd5 38. Ke3 Rf7 39. h4 Rf3+ 40. Ke2 g6 41. a4 c5 0-1

[Event "GMA-qual f"]
[Site "Moscow RUS"]
[Date "1990.??.??"]
[Round "4"]
[White "Akopian, Vladimir E"]
[Black "Miles, Anthony J"]
[Result "1/2-1/2"]
[WhiteElo "2550"]
[BlackElo "2580"]
[PlyCount "99"]
[EventDate "1990.05.??"]
[Source "www.chesslib.no"]
[SourceDate "2004.05.04"]

1. e4 Nc6 2. d4 e5 3. dxe5 Nxe5 4. Nc3 Bc5 5. f4 Nc6 6. Bc4 d6 7. Nf3 Be6 8. Bxe6 fxe6 9. Na4 Bb6 10. Nxb6 axb6 11. O-O Nf6 12. Ng5 Qe7 13. e5 dxe5 14. fxe5 Nxe5 15. Qe2 Ra5 16. b4 Qxb4 17. Nxe6 Qe7 18. Nxg7+ Qxg7 19. Bd2 Rd5 20. c4 Rxd2 21. Qxe5+ Kd8 22. Qxf6+ Qxf6 23. Rxf6 Re8 24. a4 Ree2 25. Rf8+ Ke7 26. Rg8 Kd6 27. Rg7 c6 28. Kh1 Ra2 29. Rg1 h5 30. Rg6+ Kc5 31. Rg5+ Kxc4 32. Rxh5 b5 33. axb5 cxb5 34. g4 b4 35. g5 b3 36. g6 b2 37. g7 Rg2 38. Rh7 Kc5 39. Kxg2 b1=Q+ 40. Kh1 Qd3 41. Rh8 Kb6 42. Rh6+ Ka5 43. g8=Q Qe4+ 44. Qg2 Rxg2 45. Rxg2 b5 46. Rhg6 b4 47. R6g3 Ka4 48. h4 Qd5 49. Re3 b3 50. Ree2 1/2-1/2

[Event "Reg Gillman Memorial 'A'"]
[Site "?"]
[Date "1999.??.??"]
[Round "?"]
[White "Hegoburu Pedro Federico"]
[Black "Nizynski Maciej"]
[Result "0-1"]
[WhiteElo "2510"]
[BlackElo "2615"]
[PlyCount "68"]
[EventDate "1999.??.??"]
[Source "www.chesslib.no"]
[SourceDate "2004.05.04"]

1. e4 Nc6 2. d4 d5 3. Nc3 dxe4 4. d5 Nb8 5. Bf4 Nf6 6. Bc4 a6 7. Qe2 b5 8. Bb3 c5 9. dxc6 Nxc6 10. Rd1 Qa5 11. a4 e5 12. Bg5 Bb4 13. Bxf6 Bxc3+ 14. bxc3 gxf6 15. Qxe4 Qxc3+ 16. Kf1 Be6 17. Ne2 Qc5 18. Bxe6 fxe6 19. c3 Rd8 20. Rxd8+ Kxd8 21. axb5 Qxb5 22. c4 Qb7 23. g4 Na5 24. Qxb7 Nxb7 25. Kg2 Nc5 26. Nc3 Kc7 27. Ra1 Rd8 28. Na4 Nd3 29. Nc3 Rd4 30. Rxa6 Rxg4+ 31. Kf1 Rxc4 32. Nb5+ Kb7 33. Rxe6 Rc1+ 34. Ke2 Nf4+ 0-1

[Event "Linares zt"]
[Site "Linares"]
[Date "1995.??.??"]
[Round "5"]
[White "Renet, Olivier"]
[Black "Miles, Anthony J"]
[Result "1/2-1/2"]
[WhiteElo "2520"]
[BlackElo "2600"]
[PlyCount "71"]
[EventDate "1995.11.??"]
[Source "ChessBase"]

1. e4 Nc6 2. Nf3 d6 3. d4 Nf6 4. Nc3 Bg4 5. d5 Ne5 6. Nxe5 Bxd1 7. Bb5+ c6 8. dxc6 dxe5 9. c7+ Qd7 10. Bxd7+ Kxd7 11. Kxd1 e6 12. f3 Kxc7 13. Ke2 Kc6 14. Nd1 Bc5 15. Be3 Nd7 16. Nf2 Bxe3 17. Kxe3 Nc5 18. Rhd1 Rad8 19. Rxd8 Rxd8 20. Rd1 Rh8 21. Nd3 Nxd3 22. Rxd3 h5 23. Rc3+ Kd6 24. Ra3 a6 25. Rd3+ Kc6 26. Rc3+ Kd6 27. a4 g5 28. Rd3+ Kc7 29. Rc3+ Kd6 30. a5 Rg8 31. Rd3+ Kc7 32. Rc3+ Kd7 33. Rb3 Kc7 34. Rc3+ Kd7 35. Rd3+ Kc7 36. Rc3+ 1/2-1/2

[Event "Moskva (GMA)"]
[Site "?"]
[Date "1990.??.??"]
[Round "?"]
[White "Timoshenko, G."]
[Black "Miles, A."]
[Result "1-0"]
[WhiteElo "2540"]
[BlackElo "2580"]
[PlyCount "151"]
[EventDate "1990.??.??"]
[Source "ChessBase"]
[SourceDate "1990.01.01"]

1. e4 Nc6 2. Nf3 d6 3. d4 Nf6 4. Nc3 Bg4 5. Be2 e6 6. d5 exd5 7. exd5 Bxf3 8. gxf3 Ne5 9. Be3 Be7 10. Qd2 O-O 11. O-O-O c5 12. Rdg1 Ne8 13. f4 Nd7 14. Ne4 a6 15. f5 Ndf6 16. Ng5 Qd7 17. Qd3 Qb5 18. c4 Qa4 19. Kb1 b5 20. Qb3 Qxb3 21. axb3 Nc7 22. Kc2 Rfb8 23. Bd2 Kf8 24. Ra1 h6 25. Nh3 Nd7 26. Nf4 Bf6 27. Ra2 Rb7 28. Nh5 Bd4 29. Bc3 Bxc3 30. Kxc3 Re8 31. Bd3 Ne5 32. Re1 Reb8 33. Re3 bxc4 34. bxc4 Rb3+ 35. Kc2 R8b4 36. Rxe5 dxe5 37. d6 Na8 38. f6 gxf6 39. Nxf6 Nb6 40. Rxa6 Rxb2+ 41. Kc1 Rxf2 42. Rxb6 Rxf6 43. d7 Rbxb6 44. d8=Q+ Kg7 45. Qc7 Rbd6 46. Be2 Rc6 47. Qxe5 Rce6 48. Qg3+ Rg6 49. Qc3+ Kg8 50. Bf3 Ra6 51. Qe3 Ra1+ 52. Kb2 Ra5 53. Qe8+ Kg7 54. Qe5+ Kg8 55. Bc6 Ra6 56. Bd5 Rgb6+ 57. Kc1 Kf8 58. Be4 Ra5 59. h4 Re6 60. Qb8+ Kg7 61. Qg3+ Kf8 62. Qb8+ Kg7 63. Qf4 Ra1+ 64. Kb2 Raa6 65. Qg4+ Kf8 66. Bd5 Reb6+ 67. Kc2 Ra2+ 68. Kd3 Rg6 69. Qf4 Rg3+ 70. Ke4 Re2+ 71. Kf5 Rg6 72. Bxf7 Rgg2 73. Bd5 Rgf2 74. Bf3 Re1 75. Kg6+ Ke7 76. Qf6+ 1-0